| 000 | 00584nam a2200193 a 4500 | ||
|---|---|---|---|
| 005 | 20140310183522.0 | ||
| 008 | 110802s19uu xx 00 eng d | ||
| 020 | _a9781422120606 | ||
| 050 |
_aHF 5381 _b.Er585 2008 |
||
| 100 | _aErickson, Tamara | ||
| 245 |
_aPlugged in : _bthe generation Y guide to thriving at work / _cTamara Erickson. |
||
| 260 |
_aMassachusetts : _bHarvard Business School Pub, _c2008. |
||
| 300 |
_a278 p. : _c24 cm. |
||
| 521 | _aBSBA | ||
| 650 | _aGeneration Y- Employment. | ||
| 650 | _aCareer development. | ||
| 942 |
_cBK _2lcc _kFOR |
||
| 999 |
_c24433 _d24433 |
||